| 000 | 00670nam0a22002411 4500 | ||
|---|---|---|---|
| 001 | rc\3258085 | ||
| 005 | 20250609171331.0 | ||
| 021 |
_aRU _b[74-15872] |
||
| 035 | _a(NLR Aleph) 007385352 | ||
| 090 |
_a6552837 _c6552837 |
||
| 100 | _a20130115d1974 |||y0rusy50 ca | ||
| 101 | 0 | _arus | |
| 102 | _aRU | ||
| 105 | _ac z |||a| | ||
| 200 | 1 |
_aВыбор _eСтихи |
|
| 210 |
_aМосква _cСовременник _d1974 |
||
| 215 |
_a47 с., 1 л. портр. _d16 |
||
| 700 | 1 |
_aФилиппов _bР.В. _gРостислав Владимирович |
|
| 801 | 0 |
_aRU _bNLR _gpsbo |
|
| 801 | 1 |
_aRU _bELAR _2rusmarc |
|
| 852 |
_aNLR _j73-2/3303 |
||
| 942 | _cBOOK | ||
| 980 | _aNB | ||